000 00464nam a2200181Ia 4500
008 240925s9999 xx 000 0 und d
020 _a9781784152185
082 _a657.076 KAP
100 _aKaplan
245 0 _aACCA Paper P1 Governance Risk and Ethics
250 _a1st
260 _aUnited Kingdom:
_bKaplan Publishing
_c,2015.
300 _a199p.
_b0
_fOriginal
500 _aIncludes Index
600 _aManagement
650 _aAccounting
942 _cBK
999 _c16040
_d16040